Botánica 1 : (Record no. 208190)
[ view plain ]
| 000 -CABECERA | |
|---|---|
| campo de control de longitud fija | 00736nam a2200217 a 4500 |
| 003 - IDENTIFICADOR DEL NÚMERO DE CONTROL | |
| campo de control | MX-MxUPN |
| 005 - FECHA Y HORA DE LA ÚLTIMA TRANSACCIÓN | |
| campo de control | 20220617133347.0 |
| 008 - ELEMENTOS DE LONGITUD FIJA--INFORMACIÓN GENERAL | |
| campo de control de longitud fija | 220302t1976 cu a|||br|||| 000 0 spa d |
| 040 ## - FUENTE DE LA CATALOGACIÓN | |
| Centro catalogador/agencia de origen | MX-MxUPN |
| Lengua de catalogación | spa |
| Centro/agencia transcriptor | MX-MxUPN |
| 041 0# - CÓDIGO DE IDIOMA | |
| Código de lengua del texto/banda sonora o título independiente | spa |
| 049 ## - COLECCIÓN | |
| Colección | LT |
| 050 #4 - SIGNATURA TOPOGRÁFICA DE LA BIBLIOTECA DEL CONGRESO | |
| Número de clasificación | LB1585 |
| Número de documento/Ítem | C9.215 1976 |
| 100 1# - ASIENTO PRINCIPAL--NOMBRE PERSONAL | |
| Nombre de persona | Silvestre Oramas, Margarita |
| 9 (RLIN) | 43860 |
| 245 10 - MENCIÓN DE TÍTULO | |
| Título | Botánica 1 : |
| Resto del título | quinto grado / |
| Mención de responsabilidad, etc. | Margarita Silvestre, Rosa María Angulo. |
| 260 ## - PUBLICACIÓN, DISTRIBUCIÓN, ETC. | |
| Lugar de publicación, distribución, etc. | Ciudad de La Habana : |
| Nombre del editor, distribuidor, etc. | Editorial Pueblo y Educación, |
| Fecha de publicación, distribución, etc. | ©1976. |
| 300 ## - DESCRIPCIÓN FÍSICA | |
| Extensión | 244 páginas : |
| Otras características físicas | ilustraciones a color. |
| 650 #4 - ASIENTO SECUNDARIO DE MATERIA - TERMINO TEMATICO | |
| Término de materia o nombre geográfico como elemento de entrada | Botánica |
| Subdivisión general | Estudio y enseñanza (Elemental) |
| 9 (RLIN) | 837 |
| 650 #4 - ASIENTO SECUNDARIO DE MATERIA - TERMINO TEMATICO | |
| Término de materia o nombre geográfico como elemento de entrada | Botánica |
| Subdivisión de forma | Libros de texto |
| 9 (RLIN) | 44380 |
| 700 1# - ASIENTO SECUNDARIO--NOMBRE DE PERSONAL | |
| Nombre de persona | Angulo, Rosa María |
| 9 (RLIN) | 43861 |
| Término indicativo de función/relación | coaut. |
| 905 ## - TIPO DE MATERIAL | |
| Tipo de material | Libro |
| Estado de retiro | Estado de pérdida | Fuente del sistema de clasificación o colocación | Estado dañado | No para préstamo | Código de colección | Localización permanente | Ubicación/localización actual | Ubicación en estantería | Fecha de adquisición | Clasificación | Código de barras | Fecha visto por última vez | Número de copia | Precio válido a partir de | Tipo de ítem Koha |
|---|---|---|---|---|---|---|---|---|---|---|---|---|---|---|---|
| Library of Congress Classification | Disponible (Préstamo en sala) | Libros de texto | Bib. Gregorio Torres Quintero | Bib. Gregorio Torres Quintero | Colecciones especiales Planta alta | 02/03/2022 | LB1585 C9.215 1976 | 78068 | 02/03/2022 | 1 | 02/03/2022 | Libro |
